| 000 | 00000nam##2200000za#4500 |
| 001 | 9.634817 |
| 003 | CaOODSP |
| 005 | 20230201095211 |
| 007 | cr ||||||||||| |
| 008 | 150407|2007||||xxc|||||o f|0| 0 fre|d |
| 020 | |a978-0-662-07663-6 |
| 040 | |aCaOODSP|bfre |
| 043 | |an-cn--- |
| 086 | 1 |aPS64-2/1-2007F-PDF |
| 110 | 2 |aGendarmerie royale du Canada. |
| 245 | 13|aLa drogue et le sport |h[ressource électronique] |
| 260 | |aOttawa - Ontario : |bGendarmerie royale du Canada |cc2007. |
| 300 | |a1p. |
| 590 | |a13-14-Supp|b2013-05-30 |
| 691 | 07|aMédicament en vente libre|2gcpds |
| 691 | 07|aSport|2gcpds |
| 691 | 07|aConsommation de drogues|2gcpds |
| 775 | 08|tDrugs and sport |w(CaOODSP)9.690453 |
| 776 | 0#|tDrugs and sport / |w(CaOODSP)9.669501 |
| 776 | 0#|tLa drogue et le sport / |w(CaOODSP)9.669502 |
| 856 | 40|ahttp://publications.gc.ca|qPDF|s270 Ko|uhttps://publications.gc.ca/collections/collection_2013/grc-rcmp/PS64-2-1-2007-fra.pdf |